Engineering aspects of earthquake phenomena /

Bibliographic Details
Corporate Author: International Workshop on Engineering Aspects of Earthquake Phenomena
Other Authors: Koridze, A.
Format: Conference Proceeding Book
Language:English
Published: Wallingford, Oxon, England : [Place of publication not identified] : Omega Scientific ; INEEC, ©1987.
Subjects:

MARC

Tag First Indicator Second Indicator Subfields
LEADER 00000cam a2200000 a 4500
001 in00000024923
005 20230718112828.0
008 870616s1987 enka b 000 0 eng
010 |a  87149156  
015 |a GB8707037  |2 bnb 
019 |a 15054695  |a 1191309356 
020 |a 1870199006 
020 |a 9781870199001 
029 1 |a AU@  |b 000005043759 
029 1 |a CHBIS  |b 011298394 
029 1 |a CHVBK  |b 530087499 
029 1 |a DEBBG  |b BV004115880 
029 1 |a GBVCP  |b 016925475 
029 1 |a NZ1  |b 3315407 
035 |a (OCoLC)ocm19126209  
035 |a (OCoLC)19126209  |z (OCoLC)15054695  |z (OCoLC)1191309356 
035 |a (OCoLC)ocm19126209  
040 |a DLC  |b eng  |c DLC  |d UKM  |d BTCTA  |d CRU  |d DEBBG  |d ZAP  |d OCLCO  |d OCLCF  |d OCLCQ  |d CEF  |d QE2  |d LVT  |d OCLCQ  |d OCLCO  |d DCHUA 
050 1 4 |a TA654.6  |b .E54 1987 
080 |a 699.841.K81 
082 0 |a 624.1/762  |2 19 
084 |a ZI 3480  |2 rvk 
245 0 0 |a Engineering aspects of earthquake phenomena /  |c edited by A. Koridze. 
260 |a Wallingford, Oxon, England :  |b Omega Scientific ;  |a [Place of publication not identified] :  |b INEEC,  |c ©1987. 
300 |a 231 pages :  |b illustrations ;  |c 24 cm 
336 |a text  |b txt  |2 rdacontent 
337 |a unmediated  |b n  |2 rdamedia 
338 |a volume  |b nc  |2 rdacarrier 
500 |a Papers originally presented at the International Workshop on Engineering Aspects of Earthquake Phenomena, Oxford, May 1986. 
504 |a Includes bibliographical references. 
505 0 |a Use of knowledge-based expert systems in seismic hazard and risk analysis / H.C. Shah, W.M. Dong and A.C. Boissonnade -- Site response analysis / M. Erdik -- Earthquake vibration modelling using Gaussian processes / R.T. Duarte -- Reliability analyses of constructions subjected to seismic activity / A. Bernardini and C. Modena -- Computer simulation and control of the seismic response of structures / A.H. Barbat and J. Rodellar -- Some mathematical remarks on the problem of elastic collision / M. Dikmen -- Probabilistic methods for the design of engineering structures in seismic regions / Sh. G. Napetvaridze -- Mathematical modelling of masonry buildings for earthquake resistance analysis / M. Tomaz̆evic̆ and P. Sheppard -- Mathematical modelling by system identification techniques / D. Jurukovski -- The Lagrange multiplier technique in the finite element analysis of coupled shear walls / C.B. Littler and C. Thomas -- Mathematical modelling of earth-fill and rock-fill dams / T. Paskalov -- Long-term seismicity patterns in seismically quiet areas / N.N. Ambraseys, R.D. Adams -- Discovery of the drowned submarine ruins of the Qiongzhou great earthquake of 1605 and the features of the earthquake / Chen Enmin and Huang Yongyin -- Investigation of seismic activity. 
650 0 |a Earthquake engineering. 
650 6 |a Génie parasismique. 
650 7 |a Earthquake engineering.  |2 fast  |0 (OCoLC)fst00900825 
650 7 |a Bauwesen  |2 gnd 
650 7 |a Berechnung  |2 gnd 
650 7 |a Erdbebensicherheit  |2 gnd 
650 0 7 |a Bauwesen.  |2 swd 
650 0 7 |a Berechnung.  |2 swd 
650 0 7 |a Erdbebensicherheit.  |2 swd 
653 |a Earthquakes  |a Resistance of structures  |a Mathematical models 
700 1 |a Koridze, A. 
711 2 |a International Workshop on Engineering Aspects of Earthquake Phenomena  |d (1986 :  |c Oxford, England) 
938 |a Baker and Taylor  |b BTCP  |n 87149156  |c £35.00 
948 |h HELD BY TXA - 93 OTHER HOLDINGS 
994 |a Z0  |b TXA 
999 f f |s 75832eda-6321-3aeb-9312-e72f88779c3f  |i 5e974a5b-ef8e-39f7-8c6f-c6b5c88dea45  |t 0 
952 f f |p ric  |a Texas A&M University  |b Rellis Campus  |c Joint Library Facility  |s JLF  |d Remote Storage  |t 0  |e TA654.6 .E53 1987  |h Library of Congress classification  |i unmediated -- volume  |m A14811111162